[Event "BSenEM 2014"]
[Site "Berlin"]
[Date "2014.02.03"]
[Round "5.56"]
[White "Jiranek, Benno"]
[Black "Kuehnemann, Gunnar"]
[Result "0-1"]
[WhiteElo "1328"]
[BlackElo "1558"]
[Annotator "Jaeger,André"]
[PlyCount "78"]
[EventDate "2014.01.30"]
[WhiteTeam "SC Kreuzberg e.V."]
[BlackTeam "Mariendorfer SV 06 e.V."]

1. d4 Nf6 2. c4 g6 3. Nc3 Bg7 4. e4 d6 5. Be2 O-O 6. Bg5 h6 7. Be3 c6 8. Nf3
Ng4 9. Bc1 e5 10. d5 cxd5 11. cxd5 Nd7 12. h3 Ngf6 13. Bd3 Nc5 14. Bc2 a5 15.
Be3 Na6 16. a3 Bd7 17. O-O b5 18. Qd2 h5 19. Nh2 Nh7 20. f4 {(=)} b4 21. Na4
Bb5 22. Rf2 Bh6 23. Rc1 Bxf4 24. Bxf4 exf4 25. Rxf4 Qe8 26. Re1 Bxa4 27. Bxa4
Qxa4 28. e5 dxe5 29. Rxe5 Rae8 30. Rfe4 Nc5 31. Re2 Rxe5 32. Rxe5 Re8 33. Rxe8+
Qxe8 34. axb4 axb4 35. Nf3 Kg7 36. Qd4+ Nf6 37. Qxc5 Qd7 38. Qd4 Qxd5 39. Qxd5
Nxd5 {Und ZU bei Weis.} 0-1

[Event "BSenEM 2014"]
[Site "Berlin"]
[Date "2014.02.03"]
[Round "5.57"]
[White "Roloff, Karsten"]
[Black "Paris, Gerhard"]
[Result "1-0"]
[WhiteElo "1547"]
[BlackElo "1345"]
[Annotator "Jaeger,André"]
[PlyCount "95"]
[EventDate "2014.01.30"]
[WhiteTeam "CFC Hertha 06 e.V."]
[BlackTeam "TSG Oberschöneweide e.V."]

1. d4 Nf6 2. Bg5 Ne4 3. Bf4 g6 4. f3 Nf6 5. e4 d6 6. Bd3 Bg7 7. c3 O-O 8. Ne2
Nbd7 9. Qd2 c5 10. Bh6 cxd4 11. cxd4 e5 12. Bxg7 Kxg7 13. O-O Qb6 14. Bc4 exd4
15. Qxd4 Qxd4+ 16. Nxd4 Ne5 17. Be2 d5 18. Nc3 dxe4 19. Nxe4 Nxe4 20. fxe4 b6
21. Nf3 Nxf3+ 22. Bxf3 Bb7 23. Rac1 Rac8 24. Kf2 Rfe8 25. Rxc8 Rxc8 26. Re1 Kf6
27. e5+ Ke6 28. Bxb7 Rc2+ 29. Re2 Rxe2+ 30. Kxe2 Kxe5 31. a4 Kd4 32. b3 a5 33.
Kf3 f6 34. g4 h6 35. h4 g5 36. h5 Ke5 37. Bc8 Kd4 38. Bd7 Kd3 39. Be6 Kd4 40.
Ke2 Ke5 41. Bd7 Kd6 42. Bf5 Kc5 43. Kd3 b5 44. axb5 Kxb5 45. Ke4 Kc5 46. Be6
Kd6 47. Kf5 Ke7 48. Bc4 1-0

[Event "BSenEM 2014"]
[Site "Berlin"]
[Date "2014.02.03"]
[Round "5.58"]
[White "Neculman, Mario"]
[Black "Kammler, Hans Joachim"]
[Result "0-1"]
[WhiteElo "961"]
[BlackElo "1459"]
[Annotator "Jaeger,André"]
[PlyCount "70"]
[EventDate "2014.01.30"]
[WhiteTeam "SC Schwarz-Weiß Lichtenrade e.V."]
[BlackTeam "ohne Verein"]

1. Nf3 Nf6 2. g3 g6 3. Bg2 Bg7 4. O-O O-O 5. Nc3 e6 6. e4 c5 7. d4 cxd4 8. Nxd4
e5 9. Nb3 d6 10. Bg5 h6 11. Be3 a6 12. a4 Nc6 13. a5 Be6 14. Bb6 Qe7 15. Nd5
Bxd5 16. exd5 Nd4 17. Nxd4 exd4 18. Bxd4 Nd7 19. Bxg7 Kxg7 20. Qd4+ Kh7 21.
Rae1 Qd8 22. Re4 Nf6 23. Rh4 Qe7 24. Qf4 Nh5 25. Rxh5 gxh5 26. Qf5+ Kg8 27. Be4
f6 28. Qg6+ Qg7 29. Qxh5 Rae8 30. Bf5 Qg5 31. Qf3 Re5 32. Be6+ Kg7 33. h4 Qg6
34. Qc3 Qe8 35. Qc7+ Kg6 {Rest unklar.} 0-1

[Event "BSenEM 2014"]
[Site "Berlin"]
[Date "2014.02.03"]
[Round "5.59"]
[White "Scheumann, Joachim"]
[Black "Schroeder, Wolfgang"]
[Result "0-1"]
[WhiteElo "1350"]
[BlackElo "1522"]
[Annotator "Jaeger,André"]
[PlyCount "42"]
[EventDate "2014.01.30"]
[WhiteTeam "Godesberger SK 1929 e.V."]
[BlackTeam "SSV Rotation Berlin e.V."]

1. c4 e5 2. Nc3 Nf6 3. e4 c6 4. g3 d5 5. cxd5 cxd5 6. Nxd5 Nxd5 7. exd5 Qxd5 8.
Qf3 e4 9. Qg2 Be6 10. Ne2 f5 11. Nf4 Qe5 12. Nxe6 Qxe6 13. Bb5+ Nc6 14. O-O
O-O-O 15. Bxc6 Qxc6 16. b3 Bb4 17. Ba3 Bxa3 18. f3 exf3 19. Rxf3 Bc5+ 20. Kh1
Rxd2 21. Qf1 Rf2 0-1

[Event "BSenEM 2014"]
[Site "Berlin"]
[Date "2014.02.03"]
[Round "5.60"]
[White "Moeller, Dirk"]
[Black "David, Heinz Dieter"]
[Result "0-1"]
[WhiteElo "1514"]
[BlackElo "1336"]
[Annotator "Jaeger,André"]
[PlyCount "102"]
[EventDate "2014.01.30"]
[WhiteTeam "SC Kreuzberg e.V."]
[BlackTeam "SKV Bad Freienwalde/Oder e.V."]

1. e4 e5 2. d4 d6 3. Bc4 Be7 4. c3 Nf6 5. Nd2 exd4 6. cxd4 Nc6 7. Ngf3 Bg4 8.
Qb3 O-O 9. Qc2 h6 10. O-O Qd7 11. a3 a6 12. Re1 Nh5 13. e5 d5 14. Ba2 Nf4 15.
Bb1 g6 16. Nf1 Nxg2 17. e6 Bxe6 18. Rxe6 Qxe6 19. Ng3 Nh4 20. Nxh4 Bxh4 21. Be3
Rae8 22. Bxh6 Qh3 23. Be3 Nxd4 24. Qd1 Re6 25. Bxd4 Rfe8 26. Be3 Rxe3 27. fxe3
Bxg3 28. Qd2 Bd6 29. Bd3 Rxe3 30. Bf1 Qg4+ 31. Kh1 Qe4+ 32. Bg2 Qf4 33. Bxd5
Rh3 34. Qxf4 Bxf4 35. Bxb7 a5 36. Rf1 Rxh2+ 37. Kg1 Rxb2 38. Bd5 Be3+ 39. Kh1
Rf2 40. Re1 Bb6 41. Re8+ Kg7 42. Re7 g5 43. a4 Rf6 44. Kg2 Rf2+ 45. Kg3 Rf4 46.
Bc6 Kf6 47. Re8 Rc4 48. Bb5 Rc5 49. Kg4 Re5 50. Rg8 Bf2 51. Kh5 Re4 0-1

[Event "BSenEM 2014"]
[Site "Berlin"]
[Date "2014.02.03"]
[Round "5.61"]
[White "Sattler, Guenther"]
[Black "Helm, Irmgard"]
[Result "1-0"]
[WhiteElo "1513"]
[BlackElo "1234"]
[Annotator "Jaeger,André"]
[PlyCount "137"]
[EventDate "2014.01.30"]
[WhiteTeam "SV Turbine Berlin e.V."]
[BlackTeam "TSG Oberschöneweide e.V."]

1. d4 d5 2. Nf3 Nf6 3. e3 a6 4. c4 dxc4 5. Bxc4 b5 6. Be2 Bb7 7. O-O Nbd7 8. a4
b4 9. a5 e6 10. Nbd2 Rc8 11. Bd3 Bd6 12. Qe2 Nb8 13. e4 Bf4 14. Nb3 Bxc1 15.
Rfxc1 O-O 16. Nc5 Ba8 17. Nxa6 Nxa6 18. Bxa6 Rb8 19. Bd3 b3 20. Rc3 c6 21. Bc4
Rb4 22. Bxb3 Qb8 23. Qc2 Rd8 24. Ra4 c5 25. Rxb4 cxb4 26. Rc5 Bxe4 27. Qe2 Rc8
28. Qc4 Rd8 29. Rb5 Qf4 30. Bd1 Bd5 31. Qxb4 Qc1 32. Qd2 Qc7 33. Rc5 Qd6 34.
Qc1 Bb7 35. Rc4 Ng4 36. g3 Qd5 37. Rc5 Qe4 38. h3 Nf6 39. Re5 Qd3 40. Re3 Qg6
41. Nh4 Qg5 42. Qc7 Nd5 43. Qe5 Qe7 44. Rb3 f6 45. Qe2 Qd7 46. Qb5 Bc6 47. Qc5
Ba4 48. Rd3 Rc8 49. Qa3 Bxd1 50. Rxd1 g6 51. Nf3 Rc2 52. Ne1 Re2 53. a6 Qb5 54.
Nd3 Qc6 55. a7 Nb6 56. Rc1 Rc2 57. Rxc2 Qxc2 58. a8=Q+ Nxa8 59. Qxa8+ Kg7 60.
Qa3 Qe2 61. b4 Qe4 62. Qc3 Kh6 63. b5 f5 64. b6 g5 65. Ne5 Qb1+ 66. Kh2 Qxb6
67. Qe3 Qb1 68. Nf7+ Kg7 69. Nxg5 1-0

[Event "BSenEM 2014"]
[Site "Berlin"]
[Date "2014.02.03"]
[Round "5.63"]
[White "Tham, Franz"]
[Black "Fey, Jens"]
[Result "0-1"]
[WhiteElo "1273"]
[BlackElo "1460"]
[Annotator "Jaeger,André"]
[PlyCount "82"]
[EventDate "2014.01.30"]
[WhiteTeam "TSG RW Fredersdorf/Vogelsdorf"]
[BlackTeam "SK Tempelhof 1931 e.V."]

1. Nf3 d5 2. d4 Nc6 3. c4 e6 4. Nc3 Nf6 5. a3 a6 6. Bg5 Be7 7. e3 O-O 8. cxd5
Nxd5 9. Bxe7 Ncxe7 10. Bd3 Nc6 11. O-O f5 12. Qc2 h6 13. b4 Bd7 14. Na4 Nce7
15. Nc5 Bc8 16. Nb3 Bd7 17. Nc5 Bc8 18. Rfe1 b6 19. Nb3 Ng6 20. Rac1 Ra7 21. e4
Ndf4 22. exf5 Nxd3 23. Qxd3 Rxf5 24. Qc4 Kh8 25. Rcd1 b5 26. Qc2 Qd7 27. Ne5
Nxe5 28. dxe5 Qe7 29. Qc5 Qxc5 30. Nxc5 Rf8 31. h3 a5 32. Ra1 Kh7 33. Nb3 axb4
34. axb4 Rxa1 35. Rxa1 Rf4 36. Ra8 Bb7 37. Ra7 {(=)} Bd5 38. Nc5 c6 39. Nd7 Kg6
40. Nf8+ Rxf8 41. Ra3 Rf5 0-1

[Event "BSenEM 2014"]
[Site "Berlin"]
[Date "2014.02.03"]
[Round "5.64"]
[White "Bensch, Wolfgang"]
[Black "Walther, Lothar"]
[Result "1-0"]
[WhiteElo "1410"]
[BlackElo "1165"]
[Annotator "Jaeger,André"]
[PlyCount "29"]
[EventDate "2014.01.30"]
[WhiteTeam "SC Eintracht Berlin e.V."]
[BlackTeam "SV Turbine Berlin e.V."]

1. e4 e6 2. d4 c5 3. c3 d5 4. e5 Nd7 5. Nf3 b6 6. Be2 Ne7 7. O-O Nf5 8. Bd3 f6
9. Bxf5 exf5 10. Qa4 Ke7 11. Re1 fxe5 12. Nxe5 Nxe5 13. Bg5+ Kd6 14. dxe5+ Kc7
15. Bxd8+ {Rest unklar, angeblich folgte 15...Ld7 16.Dc2 Txd8.} 1-0

[Event "BSenEM 2014"]
[Site "Berlin"]
[Date "2014.02.03"]
[Round "5.65"]
[White "Thur, Herbert"]
[Black "Heyne, Klaus"]
[Result "1-0"]
[WhiteElo "1332"]
[BlackElo "1047"]
[Annotator "Jaeger,André"]
[PlyCount "63"]
[EventDate "2014.01.30"]
[WhiteTeam "SF Friedrichshagen"]
[BlackTeam "SV Berolina Mitte e.V."]

1. d4 d5 2. Bf4 e6 3. e3 Nf6 4. c4 Bb4+ 5. Nc3 Bxc3+ 6. bxc3 O-O 7. Nf3 Nbd7 8.
h3 b6 9. Qb3 Bb7 10. Be2 h6 11. O-O Nh5 12. Bh2 Nhf6 13. a4 c6 14. a5 dxc4 15.
Bxc4 b5 16. Bd3 a6 17. c4 bxc4 18. Bxc4 Bc8 19. Bd6 Re8 20. Ne5 Nxe5 21. Bxe5
Ne4 22. Rfd1 Qh4 23. Ra2 f6 24. Bh2 Nd6 25. Be2 Kh8 26. Bf3 Ne4 27. Bg3 Nxg3
28. fxg3 Qxg3 29. Bxc6 Bb7 30. Bxe8 Bxg2 31. Rxg2 Qxh3 32. Bc6 1-0